000 00669nam a2200229 a 4500
999 _c5833
_d5833
001 5833
003 BD-JhCC
005 20220825134021.0
008 171217s2005 bg |||| ||a| 00| 0 ben d
020 _a9843108191
035 _a(BD-JhCC)5833
040 _aBD-JhCC
_dBD-JhCC
041 _aben
082 _a891.4435
_bHAS 2005
100 _aহাসান, সৈয়দ মাহমুদুল
245 _aঈশপের গল্প /
_cসৈয়দ মাহমুদুল হাসান
260 _aDhaka :
_bউত্তরণ,
_c2005.
300 _a95 p. :
_c22 cm.
650 _aBengali Short Stories
942 _2ddc
_cBK
_02